| 000 | 00609cam a2200169 4500 | ||
|---|---|---|---|
| 005 | 20250428085417.0 | ||
| 008 | 090106n1982 gw a 000 0 spa u | ||
| 050 | 0 | 4 |
_aF1528 _bC37 1982 |
| 100 | 1 | _aCardenal, Ernesto. | |
| 245 | 1 | 0 |
_aNicaragua : _b La guerra de liberación = der Befreiungskrieg / _c Ernesto Cardenal, Richard Cross |
| 260 |
_a[Managua, Nicaragua] : _b Ministerio de Cultura de Nicaragua, _c [1982?] |
||
| 300 |
_a103 p.: _c 28 cm. |
||
| 500 | _aAlemán y Español | ||
| 651 | 7 |
_2lemb _aNicaragua _x Historia _y Revolución, 1976 |
|
| 700 | 1 |
_aCross, Richard, _d 1950- |
|
| 942 |
_2lcc _cLIB |
||
| 999 |
_c62880 _d62880 |
||